000 01879nam a2200397 i 4500
001 P20201218046
008 220713s2020 ch s 000 0 chi d
020 _a9789571384528
041 1 _achi
_heng
050 4 _aBF378.E94
_bF596 2020
100 1 _aFlynn, Pat.
240 1 0 _aHow to be better at almost everything : learn anything quickly, stack your skills, dominate.
_lChinese
245 1 0 _6880-01
_aZi xue li jiu shi ni de chao neng li
_h[electronic resource] :
_bcong ji neng dui die dao neng li bian xian, ni suo you de tou ru du bu hui tu lao wu gong /
_cPaite.Fulin(Pat Flynn) zhu ; Wu Shuyu yi.
246 3 0 _6880-02
_aCong ji neng dui die dao neng li bian xian, ni suo you de tou ru du bu hui tu lao wu gong
250 _6880-03
_aChu ban.
260 _6880-04
_aTaibei Shi :
_bShi bao wen hua,
_c2020.
300 _a237 p.
490 1 _aBig ;
_v346
500 _aTranslation of: How to be better at almost everything : learn anything quickly, stack your skills, dominate.
533 _aElectronic reproduction.
_bNew Taipei City :
_cAiriti.
_nSystem requirements: iRead eBook.
_nAvailable via World Wide Web.
650 0 _aExpertise.
650 0 _aAbility.
650 0 _aSuccess.
650 0 _aAdult learning.
650 0 _aSavoir-faire.
650 0 _aAptitude.
700 1 _6880-05
_aWu, Shuyu.
830 0 _aBig ;
_v346.
856 4 0 _uhttps://www.airitibooks.com/Detail/Detail?PublicationID=P20201218046
880 1 0 _6245-01/
_1
_a自學力就是你的超能力
_h[electronic resource] :
_b從技能堆疊到能力變現, 你所有的投入都不會徒勞無功 /
_c派特.福林(Pat Flynn)著 ; 吳書榆譯.
880 3 0 _6246-02/
_1
_a從技能堆疊到能力變現, 你所有的投入都不會徒勞無功
880 _6250-03/
_1
_a初版.
880 _6260-04/
_1
_a臺北市 :
_b時報文化,
_c2020.
880 1 _6700-05/
_1
_a吳書榆.
999 _c38757
_d38757